Statistics for Cities by their Countries' Smaller Cities #1

Click here to take the quiz!

General Stats

  • This quiz has been taken 262 times
  • The average score is 19 of 30

Answer Stats

citycountry% Correct
Leeds 1stLondon
98%
Leeds 3rdManchester
94%
Fukuoka 1stTokyo
94%
Leeds 2ndBirmingham
92%
Fukuoka 2ndOsaka
89%
Bengaluru 1stDelhi
86%
Bengaluru 2ndMumbai
86%
Barranquilla 1stBogotá
84%
Bengaluru 3rdKolkata
81%
Barranquilla 2ndMedellín
77%
Bursa 2ndAnkara
74%
Bursa 1stİstanbul
74%
Barranquilla 3rdCali
72%
Fukuoka 3rdNagoya
72%
Erbil 1stBaghdad
71%
Hamilton 2ndWellington
69%
Hamilton 1stAuckland
68%
Agadir 1stCasablanca
67%
Agadir 2ndRabat
66%
Bursa 3rdİzmir
64%
Hamilton 3rdChristchurch
62%
Agadir 3rdFes
56%
Angeles 1stManila
52%
Erbil 2ndBasra
48%
Erbil 3rdMosul
46%
Angeles 2ndCebu
40%
Angeles 3rdDavao
34%
Labasa 1stSuva
16%
Labasa 3rdNadi
8%
Labasa 2ndLautoka
7%

Score Distribution

Percentile by Number Answered

Percent of People with Each Score

Your Score History

You have not taken this quiz